[Event "New England Masters"]
[Site "Pawtucket"]
[Date "2008.08.13"]
[Round "5.7"]
[White "Kaminski, Victor"]
[Black "Sarkar, Justin"]
[Result "1/2-1/2"]
[WhiteElo "2212"]
[BlackElo "2416"]
[PlyCount "92"]
[EventDate "2008.08.??"]
[SourceDate "2008.08.11"]

1. c4 f5 2. d4 Nf6 3. g3 g6 4. Bg2 Bg7 5. Nc3 O-O 6. Nf3 d6 7. O-O Qe8 8. Re1
Qf7 9. Qd3 Nc6 10. b3 e5 11. Ng5 Qe7 12. d5 e4 13. Qd2 Nd8 14. f4 Ng4 15. e3
Bf6 16. Nh3 Qg7 17. Bb2 Bd7 18. Rab1 a5 19. a3 Nf7 20. Bf1 h5 21. Nd1 Bxb2 22.
Qxb2 h4 23. Qxg7+ Kxg7 24. Nhf2 Nf6 25. Nc3 hxg3 26. hxg3 g5 27. Be2 gxf4 28.
exf4 Rh8 29. Kg2 c6 30. Nfd1 cxd5 31. cxd5 Rhc8 32. Bc4 Rc5 33. a4 Ng4 34. Ne2
Rh8 35. Rh1 Rxh1 36. Kxh1 Rc8 37. Rc1 Kf6 38. Rc3 Rc5 39. Nd4 Rc8 40. Kg2 Rh8
41. Be2 Rh2+ 42. Kg1 Nfh6 43. Rc7 Be8 44. Rxb7 Rh3 45. Kg2 Rh2+ 46. Kg1 Rh3
1/2-1/2

[Event "New England Masters"]
[Site "Pawtucket"]
[Date "2008.08.13"]
[Round "5.8"]
[White "Vigorito, David"]
[Black "Battaglini, Gabriel"]
[Result "1-0"]
[WhiteElo "2382"]
[BlackElo "2341"]
[PlyCount "50"]
[EventDate "2008.08.??"]
[SourceDate "2008.08.11"]

1. d4 f5 2. g3 Nf6 3. Bg2 g6 4. Nf3 Bg7 5. O-O O-O 6. c4 d6 7. Nc3 Nc6 8. d5
Ne5 9. Nxe5 dxe5 10. Qb3 h5 11. c5 e6 12. Rd1 e4 13. Bg5 e5 14. c6 b5 15. d6+
Kh7 16. d7 Ba6 17. Qa3 b4 18. Qxb4 Rb8 19. Qa4 Rb6 20. Be3 Rxb2 21. Qxa6 f4 22.
Bc5 fxg3 23. fxg3 Ng4 24. Nxe4 h4 25. Bxf8 Bxf8 1-0

[Event "New England Masters"]
[Site "Pawtucket"]
[Date "2008.08.13"]
[Round "5.9"]
[White "Zhao, Parker"]
[Black "Hungaski, Robert"]
[Result "1-0"]
[WhiteElo "2242"]
[BlackElo "2407"]
[PlyCount "113"]
[EventDate "2008.08.??"]
[SourceDate "2008.08.11"]

1. e4 e5 2. Nf3 Nc6 3. Bb5 a6 4. Bxc6 dxc6 5. O-O f6 6. d4 exd4 7. Nxd4 c5 8.
Nb3 Qxd1 9. Rxd1 Bg4 10. f3 Bd7 11. Bf4 O-O-O 12. Nc3 c4 13. Na5 Bc5+ 14. Kh1
b5 15. Nd5 Ne7 16. Bxc7 Nxd5 17. Rxd5 Kxc7 18. Rxc5+ Kb6 19. b4 cxb3 20. Nxb3
Be6 21. Rc3 b4 22. Re3 a5 23. c3 Bc4 24. cxb4 axb4 25. h4 Rd7 26. a3 Ra8 27.
Rc1 bxa3 28. Rxc4 Rd1+ 29. Kh2 a2 30. Rec3 Ra3 31. Rb4+ Ka7 32. Rc7+ Ka8 33.
Rc8+ Ka7 34. Rbb8 Rxb3 35. Ra8+ Kb7 36. Rcb8+ Kc6 37. Rxb3 a1=Q 38. Rxa1 Rxa1
39. Rb8 Ra7 40. Rh8 h6 41. Rd8 Ra5 42. Kg3 f5 43. Rg8 fxe4 44. fxe4 Ra7 45. Rd8
Re7 46. Kf4 Rf7+ 47. Ke5 Re7+ 48. Kf5 Rf7+ 49. Ke6 Rf6+ 50. Ke7 Rf2 51. Rd6+
Kc5 52. e5 Rxg2 53. e6 g5 54. hxg5 hxg5 55. Kd7 Re2 56. e7 g4 57. Re6 1-0

[Event "New England Masters"]
[Site "Pawtucket"]
[Date "2008.08.13"]
[Round "5.10"]
[White "Hansen, Eric"]
[Black "Kleiman, Jake"]
[Result "1/2-1/2"]
[WhiteElo "2268"]
[BlackElo "2353"]
[PlyCount "47"]
[EventDate "2008.08.??"]
[SourceDate "2008.08.11"]

1. e4 c5 2. Nf3 e6 3. d4 cxd4 4. Nxd4 a6 5. Bd3 Qc7 6. O-O Nf6 7. Qe2 d6 8. Nc3
g6 9. f4 Bg7 10. Nf3 O-O 11. Kh1 b6 12. f5 Nc6 13. Bf4 Ng4 14. Rad1 Nge5 15.
Bg5 Bb7 16. f6 Bh8 17. Bh6 Bxf6 18. Bxf8 Rxf8 19. Bxa6 Nxf3 20. gxf3 Bxc3 21.
bxc3 Bxa6 22. Qxa6 Ne5 23. Qa4 Nc4 24. Rd4 1/2-1/2

[Event "New England Masters"]
[Site "Pawtucket"]
[Date "2008.08.13"]
[Round "5.12"]
[White "Rosenberg, Evan"]
[Black "Galofre, Charles"]
[Result "0-1"]
[WhiteElo "2182"]
[BlackElo "2320"]
[PlyCount "70"]
[EventDate "2008.08.??"]
[SourceDate "2008.08.11"]

1. d4 d5 2. c4 c6 3. Nf3 Nf6 4. Nc3 e6 5. Bg5 Nbd7 6. e3 Qa5 7. Nd2 dxc4 8.
Bxf6 Nxf6 9. Nxc4 Qc7 10. Rc1 Be7 11. Bd3 O-O 12. O-O Rd8 13. Ne4 Nxe4 14. Bxe4
Bd7 15. Qh5 g6 16. Qh6 Rac8 17. Ne5 Be8 18. f4 Bf8 19. Qh3 Qb6 20. Rf2 Rc7 21.
Rcf1 f5 22. Bd3 c5 23. g4 cxd4 24. e4 fxe4 25. Bxe4 Rg7 26. Kh1 Bb5 27. Nd3 Re8
28. Re1 Qa5 29. Ra1 Bd6 30. a3 Qc7 31. f5 exf5 32. Bd5+ Kh8 33. gxf5 Re3 34.
Qh4 gxf5 35. Rc1 Qxc1+ 0-1

[Event "New England Masters"]
[Site "Pawtucket"]
[Date "2008.08.13"]
[Round "5.13"]
[White "Bournival, Braden"]
[Black "Thavandiran, Shiyam"]
[Result "1/2-1/2"]
[WhiteElo "2303"]
[BlackElo "2288"]
[PlyCount "46"]
[EventDate "2008.08.??"]
[SourceDate "2008.08.11"]

1. e4 e6 2. d4 d5 3. Nd2 Nc6 4. Ngf3 Nf6 5. e5 Nd7 6. c4 dxc4 7. Nxc4 Nb6 8. a3
Be7 9. Nxb6 cxb6 10. Bd3 b5 11. O-O b4 12. a4 Bd7 13. Be4 Na5 14. d5 exd5 15.
Bxd5 O-O 16. Be3 Bc6 17. Bxc6 Nxc6 18. Rc1 h6 19. Qe2 a6 20. Rfd1 Qa5 21. Rd7
Rfe8 22. e6 fxe6 23. Rxb7 Rac8 1/2-1/2

[Event "New England Masters"]
[Site "Pawtucket"]
[Date "2008.08.13"]
[Round "5.14"]
[White "Esserman, Marc"]
[Black "Kazmaier, Daniel"]
[Result "1/2-1/2"]
[WhiteElo "2295"]
[BlackElo "2134"]
[PlyCount "117"]
[EventDate "2008.08.??"]
[SourceDate "2008.08.11"]

1. d4 e6 2. c4 d5 3. Nc3 c6 4. e4 dxe4 5. Nxe4 Bb4+ 6. Nc3 Nf6 7. a3 Bxc3+ 8.
bxc3 O-O 9. Nf3 Nbd7 10. Bd3 Qa5 11. O-O e5 12. dxe5 Nxe5 13. Nxe5 Qxe5 14. Re1
Qh5 15. Qxh5 Nxh5 16. Rb1 g6 17. c5 Ng7 18. Bc4 Be6 19. Bf1 Bc8 20. Bg5 Re8 21.
Rxe8+ Nxe8 22. f3 Nc7 23. Bf4 Nd5 24. Be5 f6 25. Bd4 Kf7 26. Bc4 Ke7 27. Bf2
Nxc3 28. Re1+ Kd8 29. Bg3 b5 30. Bg8 a5 31. Bd6 Ra7 32. Re3 Nd5 33. Rb3 a4 34.
Rb1 Nc3 35. Rb2 Rg7 36. Ba2 Nxa2 37. Rxa2 Be6 38. Rb2 Rg8 39. Bf4 Bd5 40. Bd2
Re8 41. Kf2 Ke7 42. Bb4 Kf7 43. Re2 Rg8 44. Re1 h5 45. h4 g5 46. hxg5 Rxg5 47.
Rd1 h4 48. Rh1 Rh5 49. Ke3 Be6 50. Kf2 Kg6 51. Re1 Bd5 52. Rh1 Rh7 53. Re1 Kf5
54. Rh1 Bc4 55. Rd1 h3 56. Rh1 h2 57. Kg3 Ke6 58. Rxh2 Rxh2 59. Kxh2 1/2-1/2

[Event "New England Masters"]
[Site "Pawtucket"]
[Date "2008.08.13"]
[Round "5.15"]
[White "Castaneda, Nelson"]
[Black "Masse, Hugues"]
[Result "0-1"]
[WhiteElo "2314"]
[BlackElo "2196"]
[PlyCount "108"]
[EventDate "2008.08.??"]
[SourceDate "2008.08.11"]

1. e4 e6 2. d4 d5 3. e5 c5 4. c3 Nc6 5. Nf3 Bd7 6. a3 f6 7. Bd3 fxe5 8. Nxe5
Nxe5 9. dxe5 g6 10. Nd2 Qc7 11. Nf3 Ne7 12. O-O Nc6 13. Re1 Bg7 14. Bf4 O-O 15.
Bg3 Ne7 16. Qd2 Bc6 17. Qg5 Nf5 18. Qg4 Rae8 19. Ng5 Qe7 20. h4 Nxg3 21. Qxg3
Bh6 22. f4 Kh8 23. Rf1 c4 24. Bc2 Qc5+ 25. Qf2 Qxf2+ 26. Rxf2 Bxg5 27. hxg5 Kg7
28. g3 Rh8 29. Rh2 h6 30. gxh6+ Rxh6 31. Rxh6 Kxh6 32. Rd1 Kg7 33. Rd2 a5 34.
Rh2 Rb8 35. Kf2 b5 36. Ke3 b4 37. axb4 axb4 38. Kd4 bxc3 39. bxc3 Rb2 40. Re2
Ra2 41. Bd1 Rxe2 42. Bxe2 Ba4 43. Bf3 Kf7 44. Bxd5 exd5 45. Kxd5 Bb5 46. Kd6
Ba4 47. e6+ Kf6 48. g4 Bd1 49. e7 Ba4 50. Kd5 Kxe7 51. Kxc4 Bd1 52. f5 g5 53.
Kd4 Kf6 54. c4 Bxg4 0-1

[Event "New England Masters"]
[Site "Pawtucket"]
[Date "2008.08.13"]
[Round "5.16"]
[White "Jiang, Louie"]
[Black "MacIntyre, Paul"]
[Result "1/2-1/2"]
[WhiteElo "2135"]
[BlackElo "2290"]
[PlyCount "70"]
[EventDate "2008.08.??"]
[SourceDate "2008.08.11"]

1. e4 e5 2. Nf3 Nc6 3. Bb5 a6 4. Ba4 Nf6 5. O-O Nxe4 6. d4 b5 7. Bb3 d5 8. dxe5
Be6 9. c3 Be7 10. Re1 Qd7 11. Nd4 Rd8 12. Bc2 Nxd4 13. cxd4 Bf5 14. Nd2 Nxd2
15. Bxd2 c5 16. dxc5 Bxc5 17. Rc1 Bg4 18. e6 Bxe6 19. Bf5 Qa7 20. Qh5 Bxf2+ 21.
Kh1 Bxe1 22. Rxe1 g6 23. Bxg6 fxg6 24. Rxe6+ Kf7 25. Qe5 Rhe8 26. Bc3 d4 27.
Qf6+ Kg8 28. Bxd4 Qxd4 29. Rxe8+ Rxe8 30. Qxd4 Re1+ 31. Qg1 Rxg1+ 32. Kxg1 Kf7
33. Kf2 Kf6 34. b4 Ke5 35. Ke3 Kd5 1/2-1/2

[Event "New England Masters"]
[Site "Pawtucket"]
[Date "2008.08.13"]
[Round "5.17"]
[White "Melekhina, Alisa"]
[Black "Haessel, Dale"]
[Result "1-0"]
[WhiteElo "2265"]
[BlackElo "2149"]
[PlyCount "45"]
[EventDate "2008.08.??"]
[SourceDate "2008.08.11"]

1. e4 e5 2. Nf3 Nf6 3. Nc3 Bb4 4. Nxe5 O-O 5. Be2 Re8 6. Nd3 Bxc3 7. dxc3 Nxe4
8. Nf4 d6 9. O-O Bf5 10. Re1 Nc5 11. Be3 Nbd7 12. c4 a5 13. b3 Ne6 14. Nxe6
fxe6 15. Bf3 Rb8 16. Qd2 b6 17. Bc6 Rf8 18. Bg5 Qe8 19. h3 e5 20. g4 Be6 21. f4
h6 22. fxe5 hxg5 23. exd6 1-0

[Event "New England Masters"]
[Site "Pawtucket"]
[Date "2008.08.13"]
[Round "5.18"]
[White "Liu, Elliott"]
[Black "Reverby, Miro"]
[Result "1-0"]
[WhiteElo "2250"]
[BlackElo "2190"]
[PlyCount "97"]
[EventDate "2008.08.??"]
[SourceDate "2008.08.11"]

1. e4 c5 2. Nc3 g6 3. Nf3 Bg7 4. d4 cxd4 5. Nxd4 Nc6 6. Nb3 Nf6 7. Be2 O-O 8.
O-O a5 9. a4 d6 10. Re1 Be6 11. Bg5 Rc8 12. Bf1 Nb4 13. Nd4 Bc4 14. Ncb5 Bxf1
15. Kxf1 Rc5 16. Bh4 Rh5 17. Bg3 d5 18. exd5 Nfxd5 19. c4 e5 20. Nb3 Nf4 21.
Qxd8 Rxd8 22. Red1 Nfd3 23. Nxa5 f5 24. f3 b6 25. Nb7 Rb8 26. N7d6 Nxb2 27. Rd2
N2d3 28. Ra3 f4 29. Bf2 Nxf2 30. Kxf2 Rxh2 31. Kg1 Rh5 32. Ne4 Rf5 33. Nbd6
Rff8 34. Rb3 Nc6 35. Rdb2 Nd4 36. Rxb6 Ra8 37. Ra2 Ra5 38. Nb7 Ra7 39. c5 Rc8
40. a5 Bf8 41. a6 Be7 42. Ned6 Rc7 43. Rd2 Nf5 44. Nxf5 gxf5 45. c6 Kf7 46. Rd7
Ke8 47. Rxc7 Bc5+ 48. Nxc5 Rxc7 49. Rb8+ 1-0

[Event "New England Masters"]
[Site "Pawtucket"]
[Date "2008.08.13"]
[Round "5.19"]
[White "Puntier, William"]
[Black "Yanayt, Eugene"]
[Result "1-0"]
[WhiteElo "2298"]
[BlackElo "2254"]
[PlyCount "61"]
[EventDate "2008.08.??"]
[SourceDate "2008.08.11"]

1. e4 c5 2. a3 Nc6 3. b4 cxb4 4. axb4 Nxb4 5. d4 d5 6. c3 Nc6 7. exd5 Qxd5 8.
Na3 Bf5 9. Nc4 Bg6 10. Ne3 Qd8 11. d5 Nb8 12. h4 h6 13. Nf3 Nd7 14. Bb5 Ngf6
15. Ne5 Bh7 16. Qf3 Qc7 17. N3c4 a6 18. O-O Rc8 19. Bxd7+ Nxd7 20. Qxf7+ Kd8
21. Nxd7 Kxd7 22. Qe6+ Kd8 23. Nb6 Bf5 24. Qe3 Qxc3 25. Qf4 Qxa1 26. Qxf5 Rc7
27. Bf4 Qc3 28. Qb1 e5 29. dxe6 Rc6 30. Rd1+ Bd6 31. e7+ 1-0

[Event "New England Masters"]
[Site "Pawtucket"]
[Date "2008.08.13"]
[Round "5.20"]
[White "Enkin, Max"]
[Black "Meredith, Matthew"]
[Result "1/2-1/2"]
[WhiteElo "2262"]
[BlackElo "2044"]
[PlyCount "101"]
[EventDate "2008.08.??"]
[SourceDate "2008.08.11"]

1. e4 c5 2. Nf3 g6 3. d4 cxd4 4. Qxd4 Nf6 5. e5 Nc6 6. Qa4 Nd5 7. Qe4 Ndb4 8.
Bb5 Qa5 9. Nc3 d5 10. exd6 Bf5 11. Qe5 Nxc2+ 12. Ke2 O-O-O 13. Qxh8 Nxa1 14.
Rd1 exd6 15. Qxh7 Bc2 16. Qxf7 Bxd1+ 17. Kxd1 Ne5 18. Qd5 Qb4 19. Bg5 Qxb2 20.
Qd2 Qxd2+ 21. Nxd2 Ng4 22. Bxd8 Kxd8 23. Be2 Nxf2+ 24. Ke1 Bg7 25. Nb5 a6 26.
Nxd6 Bd4 27. Nxb7+ Kc7 28. Na5 Nc2+ 29. Kf1 Ng4 30. Bxg4 Ne3+ 31. Ke2 Nxg4 32.
h3 Ne5 33. Nac4 Nc6 34. Kd3 Bf6 35. Ke4 Nb4 36. a3 Nc2 37. Kd5 Ne1 38. g3 g5
39. Ne4 Be7 40. Ke6 Bd8 41. Ne5 Nc2 42. Nf7 Nxa3 43. Nxd8 Kxd8 44. Nc5 Nc2 45.
Nxa6 Nd4+ 46. Kf6 Ne2 47. g4 Nf4 48. Kxg5 Nxh3+ 49. Kf5 Ke7 50. Nc5 Kf7 51. Ne4
1/2-1/2

[Event "New England Masters"]
[Site "Pawtucket"]
[Date "2008.08.13"]
[Round "5.21"]
[White "Belliard, Luis"]
[Black "Wasiolek, Rory"]
[Result "1-0"]
[WhiteElo "2226"]
[BlackElo "2112"]
[PlyCount "54"]
[EventDate "2008.08.??"]
[SourceDate "2008.08.11"]

1. d4 d5 2. Nf3 Nf6 3. c4 c6 4. Nc3 e6 5. Bg5 h6 6. Bh4 dxc4 7. e4 g5 8. Bg3 b5
9. Qc2 Nbd7 10. O-O-O Bb7 11. Be2 Qa5 12. Ne5 Nxe5 13. dxe5 Nd7 14. Bh5 Rh7 15.
Kb1 O-O-O 16. f4 b4 17. Ne2 Ba6 18. Nd4 Qb6 19. f5 c5 20. Nf3 f6 21. fxe6 Qxe6
22. Bg6 Rg7 23. Bf5 Qe7 24. Qa4 Bb7 25. Qxa7 fxe5 26. Nxe5 Bxe4+ 27. Bxe4 Nxe5
1-0

[Event "New England Masters"]
[Site "Pawtucket"]
[Date "2008.08.14"]
[Round "6.1"]
[White "Kritz, Leonid"]
[Black "Gareev, Timur"]
[Result "1/2-1/2"]
[WhiteElo "2610"]
[BlackElo "2570"]
[PlyCount "93"]
[EventDate "2008.08.??"]
[SourceDate "2008.08.11"]

1. e4 g6 2. d4 Bg7 3. Nc3 c6 4. Nf3 d5 5. h3 Nh6 6. Bd3 O-O 7. O-O f6 8. Ne2
Na6 9. a3 Nc7 10. c4 Nf7 11. Nc3 e6 12. Re1 b6 13. exd5 exd5 14. Bf4 Bb7 15.
Rc1 Rc8 16. cxd5 cxd5 17. Qa4 a6 18. Qb4 Ne8 19. Re6 Rc6 20. Rxc6 Bxc6 21. Bxa6
g5 22. Bh2 Ned6 23. Nb5 Bxb5 24. Bxb5 f5 25. Bxd6 Nxd6 26. Qb3 Nxb5 27. Qxb5 g4
28. hxg4 fxg4 29. Ne5 Kh8 30. Rc3 Qf6 31. Qe2 Qf4 32. Qe3 Qf5 33. Rc1 Rf6 34.
Qg3 h5 35. Rc6 Rxc6 36. Nxc6 Kh7 37. Qc3 h4 38. Ne5 Qb1+ 39. Kh2 Qe4 40. a4
Bxe5+ 41. dxe5 Qf4+ 42. Kg1 d4 43. Qc7+ Kg6 44. Qc2+ Kg5 45. Qc7 Kf5 46. b4
Qxe5 47. Qh7+ 1/2-1/2

[Event "New England Masters"]
[Site "Pawtucket"]
[Date "2008.08.14"]
[Round "6.2"]
[White "Erenburg, Sergey"]
[Black "Friedel, Joshua"]
[Result "1-0"]
[WhiteElo "2563"]
[BlackElo "2524"]
[PlyCount "51"]
[EventDate "2008.08.??"]
[SourceDate "2008.08.11"]

1. e4 c5 2. Nf3 e6 3. d4 cxd4 4. Nxd4 a6 5. Bd3 Bc5 6. Nb3 Ba7 7. Qg4 Nf6 8.
Qg3 d6 9. Nc3 Nc6 10. Bg5 h6 11. Bd2 Nh5 12. Qf3 Qh4 13. g3 Ne5 14. Qe2 Qg4 15.
O-O-O Nf6 16. f4 Qxe2 17. Bxe2 Neg4 18. Be1 Ke7 19. Rd3 h5 20. Bf3 h4 21. Nd1
h3 22. Bb4 e5 23. Bxd6+ Ke8 24. fxe5 Nh7 25. e6 Bxe6 26. e5 1-0

[Event "New England Masters"]
[Site "Pawtucket"]
[Date "2008.08.14"]
[Round "6.4"]
[White "Sammour-Hasbun, Jorge"]
[Black "Vigorito, David"]
[Result "1/2-1/2"]
[WhiteElo "2463"]
[BlackElo "2382"]
[PlyCount "78"]
[EventDate "2008.08.??"]
[SourceDate "2008.08.11"]

1. e4 c6 2. d4 d5 3. exd5 cxd5 4. c4 Nf6 5. Nc3 e6 6. Nf3 Bb4 7. cxd5 Nxd5 8.
Bd2 Nc6 9. Bd3 O-O 10. O-O Be7 11. Qe2 Ncb4 12. Be4 Nf6 13. Bb1 b6 14. Rc1 Ba6
15. Nb5 Qd5 16. a4 Rfc8 17. Rc3 Qh5 18. h3 Nfd5 19. Rxc8+ Rxc8 20. Qe4 Nf6 21.
Qe1 Nc2 22. Bxc2 Rxc2 23. Qb1 Rc8 24. Nxa7 Ra8 25. Nc6 Bd6 26. Nce5 Rc8 27. a5
Bb7 28. a6 Bd5 29. Ng5 Bxe5 30. dxe5 Nd7 31. a7 Nxe5 32. Qc2 Ra8 33. Qc7 Nc6
34. Rc1 h6 35. Rxc6 hxg5 36. Qb8+ Kh7 37. Qxa8 Qd1+ 38. Kh2 Qf1 39. f3 Bxf3
1/2-1/2

[Event "New England Masters"]
[Site "Pawtucket"]
[Date "2008.08.14"]
[Round "6.5"]
[White "Zhao, Parker"]
[Black "Ippolito, Dean"]
[Result "1-0"]
[WhiteElo "2242"]
[BlackElo "2445"]
[PlyCount "81"]
[EventDate "2008.08.??"]
[SourceDate "2008.08.11"]

1. e4 c5 2. Nf3 e6 3. d3 Nc6 4. g3 g6 5. Bg2 Bg7 6. O-O Nge7 7. Re1 d6 8. c3 e5
9. a3 O-O 10. b4 b6 11. b5 Na5 12. c4 Bg4 13. h3 Bxf3 14. Bxf3 Qd7 15. Nc3 Rae8
16. Ra2 Kh8 17. Kh2 f5 18. exf5 gxf5 19. Nd5 e4 20. Bh5 Ng6 21. Bxg6 hxg6 22.
Rae2 Bd4 23. Bh6 Rf7 24. Be3 Be5 25. Bf4 Bd4 26. Qc2 Kg7 27. dxe4 fxe4 28. Rxe4
Rxe4 29. Rxe4 g5 30. Be3 Qf5 31. Ne7 Qf3 32. Re6 Kf8 33. Ng6+ Kg7 34. Nh4 Qh5
35. Bxd4+ cxd4 36. Nf5+ Kg8 37. g4 Qh7 38. Qe4 Rf8 39. Ne7+ Kf7 40. Qxh7+ Kxe6
41. Nf5 1-0

[Event "New England Masters"]
[Site "Pawtucket"]
[Date "2008.08.14"]
[Round "6.6"]
[White "Galofre, Charles"]
[Black "Stopa, Jacek"]
[Result "0-1"]
[WhiteElo "2320"]
[BlackElo "2440"]
[PlyCount "54"]
[EventDate "2008.08.??"]
[SourceDate "2008.08.11"]

1. Nf3 b5 2. e4 a6 3. d4 Bb7 4. Bd3 e6 5. O-O c5 6. c3 Nf6 7. e5 Nd5 8. dxc5
Bxc5 9. Nbd2 f5 10. Nb3 Be7 11. a4 bxa4 12. Rxa4 a5 13. Re1 O-O 14. Nbd4 Na6
15. Nb3 Nc5 16. Nxc5 Bxc5 17. Bd2 Bc6 18. Ra2 Qb6 19. Qe2 a4 20. Rea1 Qb7 21.
Bc2 Nb6 22. Re1 Bd5 23. Raa1 Qc6 24. Bd3 Nc4 25. Bc1 Rfb8 26. Nd4 Bxd4 27. cxd4
Na5 0-1

[Event "New England Masters"]
[Site "Pawtucket"]
[Date "2008.08.14"]
[Round "6.7"]
[White "Masse, Hugues"]
[Black "Bercys, Salvijus"]
[Result "1-0"]
[WhiteElo "2196"]
[BlackElo "2429"]
[PlyCount "77"]
[EventDate "2008.08.??"]
[SourceDate "2008.08.11"]

1. d4 Nf6 2. c4 g6 3. Nc3 Bg7 4. e4 d6 5. Nf3 O-O 6. Be2 e5 7. Be3 Ng4 8. Bg5
f6 9. Bh4 Nc6 10. d5 Ne7 11. Nd2 Nh6 12. f3 c5 13. Rb1 Nf7 14. O-O f5 15. b4 b6
16. Bf2 f4 17. bxc5 bxc5 18. Nb3 g5 19. Nxc5 dxc5 20. Bxc5 h5 21. Nb5 a6 22.
Na7 Rxa7 23. Bxa7 g4 24. Bb6 Qd7 25. c5 g3 26. Qc2 Ng6 27. Rfd1 Nh4 28. Bf1 Ng5
29. Rb3 Qf7 30. d6 Be6 31. c6 gxh2+ 32. Kh1 Nf5 33. exf5 Bxf5 34. Qd2 e4 35.
Qxf4 Qg6 36. Qg3 h4 37. Qxh4 exf3 38. d7 Ne4 39. Rxf3 1-0

[Event "New England Masters"]
[Site "Pawtucket"]
[Date "2008.08.14"]
[Round "6.9"]
[White "Kaminski, Victor"]
[Black "Shmelov, Denys"]
[Result "1-0"]
[WhiteElo "2212"]
[BlackElo "2349"]
[PlyCount "77"]
[EventDate "2008.08.??"]
[SourceDate "2008.08.11"]

1. g3 Nf6 2. Bg2 c5 3. c4 e6 4. Nf3 Nc6 5. O-O Be7 6. Nc3 O-O 7. d4 cxd4 8.
Nxd4 a6 9. e4 Qc7 10. b3 b6 11. Bb2 Bb7 12. Rc1 Nxd4 13. Qxd4 Bc5 14. Qd3 Bc6
15. a3 Qd6 16. Qe2 e5 17. Rfd1 Qe7 18. b4 Bd6 19. Qd2 Bc7 20. Nd5 Bxd5 21. exd5
d6 22. Re1 Nd7 23. f4 Rac8 24. fxe5 Nxe5 25. Bxe5 dxe5 26. c5 bxc5 27. bxc5 Qd8
28. Red1 Ba5 29. Qd3 Qg5 30. Kh1 e4 31. Bxe4 f5 32. Bg2 f4 33. gxf4 Rxf4 34.
Qxa6 Re8 35. Rf1 Rg4 36. Rc2 Bd2 37. Qc6 Rd8 38. Qe6+ Kh8 39. Rxd2 1-0

[Event "New England Masters"]
[Site "Pawtucket"]
[Date "2008.08.14"]
[Round "6.10"]
[White "Kleiman, Jake"]
[Black "Melekhina, Alisa"]
[Result "1/2-1/2"]
[WhiteElo "2353"]
[BlackElo "2265"]
[PlyCount "63"]
[EventDate "2008.08.??"]
[SourceDate "2008.08.11"]

1. e4 e5 2. Nf3 Nc6 3. Bb5 a6 4. Ba4 Nf6 5. O-O Nxe4 6. d4 b5 7. Bb3 d5 8. dxe5
Be6 9. Be3 Be7 10. c3 Qd7 11. Nbd2 O-O 12. Re1 Nxd2 13. Qxd2 Na5 14. Bg5 Nxb3
15. axb3 c5 16. Bxe7 Qxe7 17. Ra5 Rfd8 18. Rea1 Bg4 19. Qf4 Bxf3 20. gxf3 Qe6
21. b4 cxb4 22. Qxb4 Qxe5 23. Rxa6 Rxa6 24. Rxa6 Qg5+ 25. Qg4 Qc1+ 26. Kg2 h6
27. Rc6 Qxb2 28. Rc8 Rxc8 29. Qxc8+ Kh7 30. Qf5+ Kg8 31. Qc8+ Kh7 32. Qf5+
1/2-1/2

[Event "New England Masters"]
[Site "Pawtucket"]
[Date "2008.08.14"]
[Round "6.11"]
[White "Battaglini, Gabriel"]
[Black "Hansen, Eric"]
[Result "0-1"]
[WhiteElo "2341"]
[BlackElo "2268"]
[PlyCount "93"]
[EventDate "2008.08.??"]
[SourceDate "2008.08.11"]

1. d4 Nf6 2. c4 c5 3. Nc3 cxd4 4. Qxd4 g6 5. g3 Bg7 6. Bg2 O-O 7. e3 Nc6 8. Qd2
d6 9. Nge2 a6 10. O-O Bd7 11. b3 Rb8 12. Bb2 Qa5 13. Rfd1 Rfc8 14. a4 Qb6 15.
Nc1 Bg4 16. f3 Be6 17. Kh1 Na5 18. Qd4 Qxd4 19. exd4 d5 20. c5 b6 21. b4 Nc4
22. Ba3 a5 23. bxa5 Nxa3 24. axb6 Nc2 25. Ra2 Nxd4 26. Nd3 Nd7 27. a5 Nb3 28.
a6 Bxc3 29. b7 Ndxc5 30. bxc8=Q+ Rxc8 31. a7 Ra8 32. Rb1 Nxd3 33. Rxb3 Nb4 34.
Raa3 d4 35. Rb1 Nc6 36. Ra6 Bd5 37. Rbb6 Rxa7 38. Rxa7 Nxa7 39. f4 Be6 40. Bb7
Kg7 41. Kg2 d3 42. Bf3 d2 43. Kf1 Bc4+ 44. Kg2 Nb5 45. Bd1 Bd4 46. Rb8 Nc3 47.
Rd8 0-1

[Event "New England Masters"]
[Site "Pawtucket"]
[Date "2008.08.14"]
[Round "6.12"]
[White "Panjwani, Raja"]
[Black "Liu, Elliott"]
[Result "0-1"]
[WhiteElo "2310"]
[BlackElo "2250"]
[PlyCount "78"]
[EventDate "2008.08.??"]
[SourceDate "2008.08.11"]

1. d4 Nf6 2. g3 g6 3. Bg2 d5 4. Nh3 Bg7 5. Nf4 c6 6. O-O O-O 7. b3 e5 8. dxe5
Ng4 9. Bb2 Nxe5 10. Qc1 Bf5 11. Rd1 Nbd7 12. Nd2 Qb6 13. h3 Nc5 14. c4 g5 15.
Nh5 Ncd3 16. exd3 Nxd3 17. Ne4 Nxc1 18. Nef6+ Kh8 19. Raxc1 Qa6 20. a3 dxc4 21.
Rd6 Rfd8 22. Rcd1 Rxd6 23. Rxd6 c3 24. Bxc3 Qxa3 25. Nxg7 Kxg7 26. Nd5+ Kf8 27.
Bb4 Qc1+ 28. Kh2 c5 29. Ba5 Re8 30. Nf6 Re2 31. Rd8+ Kg7 32. Nh5+ Kg6 33. Rg8+
Kh6 34. g4 Rxf2 35. Bd8 Be4 36. Bxg5+ Qxg5 37. Rxg5 Rxg2+ 38. Kh1 Rxg4+ 39. Kh2
Rxg5 0-1

[Event "New England Masters"]
[Site "Pawtucket"]
[Date "2008.08.14"]
[Round "6.13"]
[White "Kazmaier, Daniel"]
[Black "Bournival, Braden"]
[Result "0-1"]
[WhiteElo "2134"]
[BlackElo "2303"]
[PlyCount "70"]
[EventDate "2008.08.??"]
[SourceDate "2008.08.11"]

1. e4 c6 2. d4 d5 3. Nc3 dxe4 4. Nxe4 Bf5 5. Ng3 Bg6 6. h4 h6 7. Nf3 Nd7 8. h5
Bh7 9. Bd3 Bxd3 10. Qxd3 e6 11. Bf4 Qa5+ 12. Bd2 Bb4 13. c3 Be7 14. O-O Ngf6
15. Rfe1 O-O 16. b4 Qc7 17. Nf5 exf5 18. Rxe7 Qd8 19. Re2 Ne4 20. Bc1 Re8 21.
Bf4 Ndf6 22. Be5 Nxh5 23. g4 Rxe5 24. gxh5 Re6 25. Kg2 a5 26. Rb1 axb4 27. Rxb4
b5 28. c4 Qd6 29. Rb3 Qf4 30. cxb5 Qg4+ 31. Kh1 Qxh5+ 32. Nh2 Ng3+ 33. Qxg3
Qxe2 34. b6 Qd1+ 35. Nf1 Qxf1+ 0-1

[Event "New England Masters"]
[Site "Pawtucket"]
[Date "2008.08.14"]
[Round "6.14"]
[White "Thavandiran, Shiyam"]
[Black "Esserman, Marc"]
[Result "1/2-1/2"]
[WhiteElo "2288"]
[BlackElo "2295"]
[PlyCount "189"]
[EventDate "2008.08.??"]
[SourceDate "2008.08.11"]

1. e4 c5 2. Nf3 d6 3. d4 cxd4 4. Nxd4 Nf6 5. Nc3 a6 6. Bg5 e6 7. f4 Be7 8. Qf3
Qc7 9. O-O-O Nbd7 10. Bd3 b5 11. Rhe1 Bb7 12. Qg3 O-O-O 13. e5 dxe5 14. fxe5
Nxe5 15. Bxb5 Ng6 16. Qd3 axb5 17. Ncxb5 Qc5 18. Be3 Ne5 19. Qf1 Nc4 20. b4
Nxe3 21. Rxe3 Qb6 22. Rc3+ Kb8 23. Qf4+ Bd6 24. Nc6+ Bxc6 25. Nxd6 Nd5 26. Rxd5
exd5 27. b5 g5 28. Qg3 f5 29. Rxc6 Qg1+ 30. Kb2 Qd4+ 31. c3 Qd2+ 32. Kb3 Qd1+
33. Kb2 f4 34. Qf2 d4 35. Qxd4 Qxd4 36. cxd4 Rhf8 37. Rb6+ Kc7 38. Rc6+ Kd7 39.
Ne4 Rb8 40. Rh6 Rxb5+ 41. Kc3 Rc8+ 42. Nc5+ Ke7 43. h4 g4 44. Rxh7+ Kf6 45.
Rh6+ Kg7 46. Rh5 Rb6 47. Kd3 Re8 48. Nd7 Re3+ 49. Kc4 Ra6 50. Ne5 Rxa2 51. Rg5+
Kh7 52. Rh5+ Kg7 53. Rg5+ Kh7 54. Rxg4 Rg3 55. Rxf4 Rgxg2 56. Kd5 Raf2 57. Re4
Re2 58. Rf4 Ref2 59. Nf3 Kg7 60. Ke4 Re2+ 61. Kd3 Ref2 62. Ke3 Re2+ 63. Kd3
Ref2 64. d5 Rf1 65. Ke3 Rd1 66. Nd4 Rgd2 67. Ne6+ Kg6 68. Nc7 Rc2 69. Ne6 Rxd5
70. Re4 Rdd2 71. Nd4 Ra2 72. Re6+ Kf7 73. Rb6 Rh2 74. Rb7+ Kf6 75. Rb6+ Ke7 76.
Rh6 Ra3+ 77. Ke4 Ra4 78. Rh7+ Kf6 79. Rh6+ Kg7 80. Rh5 Kg6 81. Rg5+ Kh6 82. Rg4
Kh5 83. Rg5+ Kxh4 84. Rd5 Rd2 85. Ke5 Kh5 86. Kd6+ Kg6 87. Ke5 Kf7 88. Rd7+ Ke8
89. Rd5 Rd1 90. Rd6 Re1+ 91. Kd5 Rd1 92. Ke5 Raa1 93. Nf5 Ra5+ 94. Ke6 Rxd6+
95. Nxd6+ 1/2-1/2